Mało znane polskie piosenki (RAP/TRAP) - Statystyki

Ogólne statystyki
  • Ten quiz został rozwiązany 573 razy
  • Średni wynik to 9 z 15
Statystyki odpowiedzi
Tytuł piosenki Artysta % Poprawnych
Patointeligencja Mata
97%
VOGUE Bedoes
92%
Bali Gedz
86%
WHOOP Oki
81%
rower chillwagon
80%
Dzieci burzy Szpaku
77%
surfer be vis
73%
candy.doll schafter
66%
Wampir Sarius
61%
YABADABADOO SALVADOR
59%
Wszystko Oki Qry
44%
+48 White 2115
41%
Banalne Tymek
39%
Wybory Jan-rapowanie & GUZIOR & Szpaku
25%
Japanese Hoes Zeamsone & Deys
19%
Nie znaleziono quizów pasujących do podanych kryteriów
Rozkład punktacji
Procent ludzi z każdym wynikiem
Percentyl według liczby udzielonych odpowiedzi
Twoja historia wyników
Nie rozwiązałeś tego quizu